<?xml version="1.0" encoding="UTF-8"?>
<record
    xmlns:xsi="http://www.w3.org/2001/XMLSchema-instance"
    xsi:schemaLocation="http://www.loc.gov/MARC21/slim http://www.loc.gov/standards/marcxml/schema/MARC21slim.xsd"
    xmlns="http://www.loc.gov/MARC21/slim">

  <leader>01062nam0a2200301   4500</leader>
  <controlfield tag="001">RU\NLR\ONL2\16303</controlfield>
  <controlfield tag="005">20250613131446.0</controlfield>
  <datafield tag="010" ind1=" " ind2=" ">
    <subfield code="a">978-5-7680-2212-9</subfield>
    <subfield code="9">500</subfield>
  </datafield>
  <datafield tag="035" ind1=" " ind2=" ">
    <subfield code="a">(NLR Aleph) 009663888</subfield>
  </datafield>
  <datafield tag="090" ind1=" " ind2=" ">
    <subfield code="a">9627096</subfield>
    <subfield code="c">9627096</subfield>
  </datafield>
  <datafield tag="100" ind1=" " ind2=" ">
    <subfield code="a">20100128d2008    |||y0rusy50      ca</subfield>
  </datafield>
  <datafield tag="101" ind1="0" ind2=" ">
    <subfield code="a">kbd</subfield>
  </datafield>
  <datafield tag="102" ind1=" " ind2=" ">
    <subfield code="a">RU</subfield>
  </datafield>
  <datafield tag="105" ind1=" " ind2=" ">
    <subfield code="a">y |||||||||</subfield>
  </datafield>
  <datafield tag="200" ind1="1" ind2=" ">
    <subfield code="a">&#x423;&#x44D;&#x440;&#x44D;&#x434; &#x449;I&#x430;&#x443;&#x441;&#x44B;&#x440;</subfield>
    <subfield code="e">&#x43B;&#x438;&#x442;&#x435;&#x440;&#x430;&#x442;&#x443;&#x440;&#x44D; &#x43F;&#x43E;&#x440;&#x442;&#x440;&#x435;&#x442;&#x445;&#x44D;&#x440;, &#x44D;&#x441;&#x441;&#x435;</subfield>
    <subfield code="f">&#x41A;&#x44A;&#x44D;&#x436;&#x44D;&#x440; &#x425;&#x44C;&#x44D;&#x43C;&#x438;&#x434;</subfield>
  </datafield>
  <datafield tag="210" ind1=" " ind2=" ">
    <subfield code="a">&#x41D;&#x430;&#x43B;&#x448;&#x44B;&#x43A;</subfield>
    <subfield code="c">&#x42D;&#x43B;&#x44C;&#x431;&#x440;&#x443;&#x441;</subfield>
    <subfield code="d">2008</subfield>
  </datafield>
  <datafield tag="215" ind1=" " ind2=" ">
    <subfield code="a">258,[2] &#x441;.</subfield>
    <subfield code="d">21</subfield>
  </datafield>
  <datafield tag="541" ind1="1" ind2=" ">
    <subfield code="6">z01790</subfield>
    <subfield code="a">&#x418;&#x441;&#x442;&#x43E;&#x43A;&#x438; &#x43F;&#x43E;&#x44D;&#x437;&#x438;&#x438;</subfield>
    <subfield code="e">&#x43B;&#x438;&#x442;. &#x43F;&#x43E;&#x440;&#x442;&#x440;&#x435;&#x442;&#x44B;, &#x44D;&#x441;&#x441;&#x435;</subfield>
    <subfield code="z">rus</subfield>
  </datafield>
  <datafield tag="606" ind1="0" ind2=" ">
    <subfield code="a">&#x41A;&#x430;&#x431;&#x430;&#x440;&#x434;&#x438;&#x43D;&#x441;&#x43A;&#x430;&#x44F; &#x43B;&#x438;&#x442;&#x435;&#x440;&#x430;&#x442;&#x443;&#x440;&#x430;</subfield>
    <subfield code="x">&#x418;&#x441;&#x442;&#x43E;&#x440;&#x438;&#x44F;</subfield>
    <subfield code="9">2175615</subfield>
    <subfield code="3">RU\NLR\auth-onl\66180</subfield>
  </datafield>
  <datafield tag="686" ind1="1" ind2=" ">
    <subfield code="a">&#x428;5(2=&#x41A;)7-3</subfield>
  </datafield>
  <datafield tag="700" ind1=" " ind2="1">
    <subfield code="a">&#x41A;&#x44A;&#x44D;&#x436;&#x44D;&#x440;</subfield>
    <subfield code="b">&#x425;&#x44C;.</subfield>
    <subfield code="g">&#x425;&#x44C;&#x44D;&#x43C;&#x438;&#x434;</subfield>
    <subfield code="4">070</subfield>
  </datafield>
  <datafield tag="790" ind1=" " ind2="1">
    <subfield code="6">z01541</subfield>
    <subfield code="a">&#x41A;&#x430;&#x436;&#x430;&#x440;&#x43E;&#x432;</subfield>
    <subfield code="b">&#x425;. &#x425;.</subfield>
    <subfield code="g">&#x425;&#x430;&#x43C;&#x438;&#x434; &#x425;&#x430;&#x442;&#x443;&#x442;&#x43E;&#x432;&#x438;&#x447;</subfield>
    <subfield code="4">070</subfield>
  </datafield>
  <datafield tag="801" ind1=" " ind2="0">
    <subfield code="a">RU</subfield>
    <subfield code="b">NLR</subfield>
    <subfield code="c">20100128</subfield>
    <subfield code="g">PSBO</subfield>
  </datafield>
  <datafield tag="852" ind1=" " ind2=" ">
    <subfield code="a">NLR</subfield>
    <subfield code="b">&#x41E;&#x41D;&#x41B;</subfield>
    <subfield code="j">&#x41A;&#x430;&#x431;&#x430;&#x440;./3-1412</subfield>
  </datafield>
  <datafield tag="942" ind1=" " ind2=" ">
    <subfield code="c">BOOK</subfield>
  </datafield>
  <datafield tag="980" ind1=" " ind2=" ">
    <subfield code="a">NB</subfield>
  </datafield>
  <datafield tag="980" ind1=" " ind2=" ">
    <subfield code="a">ONL_RF</subfield>
  </datafield>
  <datafield tag="995" ind1=" " ind2=" ">
    <subfield code="5">2013-10-26</subfield>
    <subfield code="b">NLR01</subfield>
    <subfield code="c">NLR01</subfield>
    <subfield code="e">ONL</subfield>
    <subfield code="f">9663888-10</subfield>
    <subfield code="k">&#x41A;&#x430;&#x431;&#x430;&#x440;./3-1412</subfield>
    <subfield code="o">0</subfield>
    <subfield code="r">BOOK</subfield>
    <subfield code="s">31412_</subfield>
  </datafield>
</record>
